Rock Breakage by blasting (Record no. 546357)
[ view plain ]
| 000 -LEADER | |
|---|---|
| fixed length control field | 00410nam a22001457a 4500 |
| 020 ## - INTERNATIONAL STANDARD BOOK NUMBER | |
| International Standard Book Number | 81-204-0847-0 |
| 082 ## - DEWEY DECIMAL CLASSIFICATION NUMBER | |
| Classification number | 624.15132 |
| Author Mark | Pet |
| -- | L-37, P-19 |
| 100 ## - MAIN ENTRY--PERSONAL NAME | |
| Personal name | Petrosyan M.I. |
| 9 (RLIN) | 42476 |
| 245 ## - TITLE STATEMENT | |
| Title | Rock Breakage by blasting |
| Statement of responsibility, etc. | Petrosyan M.I. |
| 260 ## - PUBLICATION, DISTRIBUTION, ETC. | |
| Place of publication, distribution, etc. | new delhi |
| Name of publisher, distributor, etc. | raju primiani |
| Date of publication, distribution, etc. | c1991 |
| 300 ## - PHYSICAL DESCRIPTION | |
| Extent | vi, p 141 |
| Other physical details | ill. |
| Dimensions | 18cm |
| 526 ## - STUDY PROGRAM INFORMATION NOTE | |
| Program name | 0 |
| Interest level | 0 |
| Reading level | 0 |
| Title point value | 624_151320000000000_PET |
| 650 ## - SUBJECT ADDED ENTRY--TOPICAL TERM | |
| Topical term or geographic name entry element | MCE |
| 9 (RLIN) | 379 |
| 942 ## - ADDED ENTRY ELEMENTS (KOHA) | |
| Source of classification or shelving scheme | |
| Koha item type | Book |
| Withdrawn status | Lost status | Source of classification or shelving scheme | Damaged status | Not for loan | Permanent Location | Current Location | Date acquired | Total Checkouts | Full call number | Barcode | Date last seen | Date last checked out | Price effective from | Koha item type |
|---|---|---|---|---|---|---|---|---|---|---|---|---|---|---|
| Military College of Engineering (MCE) | Military College of Engineering (MCE) | 06/10/2014 | 1 | 624.15132 Pet | MCE-28710 | 01/24/2018 | 11/08/2017 | 06/10/2014 | Book |
